[Event "FRA-ch U20"]
[Site "La Roche sur Yon"]
[Date "2008.04.21"]
[Round "1"]
[White "Brethes, Francois"]
[Black "Lambert, Hugues"]
[Result "1-0"]
[WhiteElo "2198"]
[BlackElo "1925"]
[PlyCount "61"]
[EventDate "2008.04.21"]
[EventType "swiss"]
[EventRounds "9"]
[EventCountry "FRA"]
[SourceTitle "EXT 2010"]
[Source "ChessBase"]
[SourceDate "2010.11.25"]
[SourceVersion "1"]
[SourceVersionDate "2010.11.25"]
[SourceQuality "1"]

1. d4 Nf6 2. Nf3 g6 3. c3 Bg7 4. Bg5 0-0 5. Nbd2 d6 6. e4 h6 7. Bh4 c5 8. dxc5 dxc5 9. Bc4 Nc6 10. 0-0 Qc7 11. Qc2 Nh5 12. Rfe1 g5 13. Bg3 Nxg3 14. hxg3 g4 15. Nh2 a6 16. Ndf1 b5 17. Bd5 Rb8 18. Bxc6 Qxc6 19. Ne3 h5 20. Nd5 Qd6 21. Rad1 Bb7 22. Nf1 Rfd8 23. e5 Bxe5 24. Qf5 Bxd5 25. Rxe5 e6 26. Qg5+ Kf8 27. Qh6+ Ke7 28. Rdxd5 Qxd5 29. Rxd5 Rxd5 30. Ne3 Rd2 31. Qxh5 1-0

[Event "Agneaux St Lo U18 op 3rd"]
[Site "Agneaux"]
[Date "2001.07.11"]
[Round "5"]
[White "Lambert, Hugues"]
[Black "Jolly, Jean Francois"]
[Result "0-1"]
[WhiteElo "1390"]
[BlackElo "1880"]
[PlyCount "82"]
[EventDate "2001.07.07"]
[EventType "swiss"]
[EventRounds "9"]
[EventCountry "FRA"]
[SourceTitle "EXT 2002"]
[Source "ChessBase"]
[SourceDate "2001.11.25"]
[SourceVersion "1"]
[SourceVersionDate "2001.11.25"]
[SourceQuality "1"]

1. e4 c5 2. Nf3 Nc6 3. d4 cxd4 4. Nxd4 Nf6 5. Nc3 e5 6. Nf3 Bb4 7. Bd2 0-0 8. Bd3 d6 9. 0-0 Bg4 10. h3 Bh5 11. Bg5 h6 12. Bh4 g5 13. Bg3 Nd4 14. Be2 Nxe2+ 15. Nxe2 Bg6 16. a3 Bc5 17. b4 Bb6 18. Nc3 Nxe4 19. Nxe4 Bxe4 20. Re1 Bg6 21. Qe2 Rc8 22. c4 f6 23. Rad1 Qc7 24. Nd2 Bf7 25. Rc1 Qc6 26. Qg4 h5 27. Qf5 Kg7 28. h4 Bg6 29. Qe6 Rfe8 30. Qh3 g4 31. Qh1 Qa4 32. Ne4 Bxe4 33. Rxe4 Qxa3 34. Kh2 f5 35. Re2 f4 36. Bxf4 exf4 37. Qe1 g3+ 38. Kh3 gxf2+ 39. Qc3+ Qxc3+ 40. Rxc3 Rxe2 41. Rf3 Re3 0-1